Quantitative techniques for management / (Record no. 24337)

MARC details
000 -LEADER
fixed length control field 00824nam a22002537a 4500
020 ## - INTERNATIONAL STANDARD BOOK NUMBER
ISBN 9788131772485
041 ## - LANGUAGE CODE
Language code of text/sound track or separate title English
082 ## - DEWEY DECIMAL CLASSIFICATION NUMBER
Classification number 658.4033
Item number LEV
100 ## - MAIN ENTRY--AUTHOR NAME
Author name Levin, David M.
245 ## - TITLE STATEMENT
Title Quantitative techniques for management /
Statement of responsibility, etc David M. Levin, Timothy C. Krehbiel, Mark L. Berenson, Barry Render, Ralph M. Stair, and Michael E. Hanna.
260 ## - PUBLICATION, DISTRIBUTION, ETC. (IMPRINT)
Place of publication Noida :
Name of publisher Pearson ,
Year of publication 2012.
300 ## - PHYSICAL DESCRIPTION
Number of Pages xiii, 13.33 pages :
Other physical details illustrations ;
Dimensions 24 cm.
504 ## - BIBLIOGRAPHY, ETC. NOTE
Bibliography, etc Include bibliographical reference and index.
650 ## - SUBJECT ADDED ENTRY--TOPICAL TERM
Subject Quantitative methods
650 ## - SUBJECT ADDED ENTRY--TOPICAL TERM
Subject Business statistics
650 ## - SUBJECT ADDED ENTRY--TOPICAL TERM
Subject Decision making
700 ## - ADDED ENTRY--PERSONAL NAME
Author 2/ Editor Krehbiel, Timothy C.
700 ## - ADDED ENTRY--PERSONAL NAME
Author 2/ Editor Berenson, Mark L.
700 ## - ADDED ENTRY--PERSONAL NAME
Author 2/ Editor Render, Barry
700 ## - ADDED ENTRY--PERSONAL NAME
Author 2/ Editor Stair, Ralph M .
700 ## - ADDED ENTRY--PERSONAL NAME
Author 2/ Editor Hanna, Michael E.
942 ## - ADDED ENTRY ELEMENTS (KOHA)
Source of classification or shelving scheme Dewey Decimal Classification
Koha item type Books
Holdings
Withdrawn status Lost status Source of classification or shelving scheme Damaged status Not for loan Home library Current library Shelving location Date acquired Source of acquisition Full call number Accession Number Price effective from Koha item type
    Dewey Decimal Classification     Institute of Public Enterprise, Library Institute of Public Enterprise, Library S Campus 05/04/2026 Donated by Prof. S.Satesh kumar (IPE Faculty) 658.4033 LEV 51059 05/04/2026 Books

Maintained and Designed by
2cqr automation private limited, Chennai. All Rights Reserved.

You are Visitor Number

PHP Hits Count